00817nam a2200205 a 450000100100000000500170001000800410002702000180006804000250008610000370011124500970014826000610024530000210030649000310032770000460035871000470040483000380045195201050048999900170059400004213120201002035947.0131114s2009 gt 000 0 spa d a9789992212837 aDO-SdBNPbspacBNPHU1 aMonteforte Toledo, Mario.96911510aDonde acaban los caminos /cMario Monteforte Toledo; edición José Luis Perdomo Orellana. aGuatemala :bFundación Maria Monteporte Toledo,c2009. a270 p. ;c22 cm.1 aMario Monteforte Toledov31 aPerdomo Orellana, José Luiseed.9691162 aFundación Maria Monteporte Toledo969117 0aMario Monteforte Toledov3969118 001050718MOaGRbGRcCTd2013-11-14iLF1l0o p42131-10r2020-06-25w2020-06-25y1ZNo se presta c41620d41620